000 00454nam a22001697a 4500
003 OSt
008 250110b |||||||| |||| 00| 0 eng d
041 _aeng
082 _a621.9 HAJ/EL
100 _aHajra Choudhury, SK
_96913
245 _aElements of Workshop Technology
250 _a7th ed
260 _aBombay:
_bMedia Promoters & Publishers Pvt Ltd,
_c1967.
300 _a648p.
700 _aBose, SK and Hajra Choudhuri, AK
_96914
942 _cBK
999 _c19005
_d19005